<?xml version="1.0" encoding="UTF-8"?>
<record
    xmlns:xsi="http://www.w3.org/2001/XMLSchema-instance"
    xsi:schemaLocation="http://www.loc.gov/MARC21/slim http://www.loc.gov/standards/marcxml/schema/MARC21slim.xsd"
    xmlns="http://www.loc.gov/MARC21/slim">

  <leader>02496ngm a22005771i 4500</leader>
  <datafield tag="999" ind1=" " ind2=" ">
    <subfield code="c">171206</subfield>
    <subfield code="d">171206</subfield>
  </datafield>
  <controlfield tag="005">20190219144652.0</controlfield>
  <controlfield tag="008">190219s2018    my 145|g |||||||| ||chi d</controlfield>
  <datafield tag="024" ind1=" " ind2=" ">
    <subfield code="a">7899900000264</subfield>
    <subfield code="c">RM 22.85</subfield>
  </datafield>
  <datafield tag="040" ind1=" " ind2=" ">
    <subfield code="a">PPAK</subfield>
    <subfield code="c">PPAK</subfield>
    <subfield code="e">rda</subfield>
  </datafield>
  <datafield tag="082" ind1="0" ind2="4">
    <subfield code="2">23</subfield>
    <subfield code="a">791.4372</subfield>
  </datafield>
  <datafield tag="090" ind1=" " ind2=" ">
    <subfield code="a">791.4372</subfield>
    <subfield code="b">MON</subfield>
    <subfield code="d">G</subfield>
  </datafield>
  <datafield tag="245" ind1="0" ind2="0">
    <subfield code="a">MONSTER HUNT 2 =</subfield>
    <subfield code="b">&#x6349;&#x5996;&#x8A18; 2 </subfield>
    <subfield code="h">[videorecording (DVD)] /</subfield>
    <subfield code="c">Edko Films Limited ; a Champion Star Pictures Ltd. production ; produced by Bill Kong, Yee Chung Man, Doris Tse ; produced, story and sceenplay by Alan Yuen ; directed by Raman Hui ; starring by Bai Baihe, Jing Boran, Jiang Wu, Elaine Jin.</subfield>
  </datafield>
  <datafield tag="246" ind1="3" ind2="3">
    <subfield code="a">&#x6349;&#x5996;&#x8A18; 2 </subfield>
    <subfield code="h">[videorecording (DVD)] /</subfield>
  </datafield>
  <datafield tag="246" ind1="3" ind2="3">
    <subfield code="a">ZHUO YAO JI 2</subfield>
    <subfield code="h">[videorecording (DVD)] /</subfield>
  </datafield>
  <datafield tag="264" ind1=" " ind2="1">
    <subfield code="a"> Xianggang :</subfield>
    <subfield code="b">Yu gao yu le you xian gong si ;</subfield>
    <subfield code="c">2018. </subfield>
  </datafield>
  <datafield tag="264" ind1=" " ind2="2">
    <subfield code="a">Kuala Lumpur, Malaysia :</subfield>
    <subfield code="b">The Myth Entertainment ;</subfield>
    <subfield code="c">2018</subfield>
  </datafield>
  <datafield tag="300" ind1=" " ind2=" ">
    <subfield code="a">1 videodisc (145 minutes) :</subfield>
    <subfield code="b">sound, colour ;</subfield>
    <subfield code="c">12 cm</subfield>
  </datafield>
  <datafield tag="306" ind1=" " ind2=" ">
    <subfield code="a">022500</subfield>
  </datafield>
  <datafield tag="336" ind1=" " ind2=" ">
    <subfield code="2">rdacontent</subfield>
    <subfield code="a">two-dimensional moving image</subfield>
    <subfield code="b">tdi</subfield>
  </datafield>
  <datafield tag="337" ind1=" " ind2=" ">
    <subfield code="2">rdamedia</subfield>
    <subfield code="a">video</subfield>
    <subfield code="b">v</subfield>
  </datafield>
  <datafield tag="338" ind1=" " ind2=" ">
    <subfield code="2">rdacarrier</subfield>
    <subfield code="a">videodisc</subfield>
    <subfield code="b">vd</subfield>
  </datafield>
  <datafield tag="340" ind1=" " ind2=" ">
    <subfield code="2">rda</subfield>
    <subfield code="b">12 cm</subfield>
  </datafield>
  <datafield tag="346" ind1=" " ind2=" ">
    <subfield code="a">DVD</subfield>
  </datafield>
  <datafield tag="347" ind1=" " ind2=" ">
    <subfield code="a">video file</subfield>
    <subfield code="b">DVD file</subfield>
    <subfield code="e">region 1</subfield>
  </datafield>
  <datafield tag="365" ind1=" " ind2=" ">
    <subfield code="b">22.85</subfield>
    <subfield code="c">MYR</subfield>
  </datafield>
  <datafield tag="380" ind1=" " ind2=" ">
    <subfield code="a">Motion picture</subfield>
  </datafield>
  <datafield tag="500" ind1=" " ind2=" ">
    <subfield code="a">Title and credits from container. 
</subfield>
  </datafield>
  <datafield tag="500" ind1=" " ind2=" ">
    <subfield code="a">Videodisc release as motion picture in 2015.</subfield>
  </datafield>
  <datafield tag="508" ind1=" " ind2=" ">
    <subfield code="a">Music, Leon Ko.
</subfield>
  </datafield>
  <datafield tag="511" ind1="1" ind2=" ">
    <subfield code="a">Bai Baihe, Jing Boran, Jiang Wu, Elaine Jin.</subfield>
  </datafield>
  <datafield tag="520" ind1=" " ind2=" ">
    <subfield code="a">As the infant child of the monster queen and a human father, Wuba's mere existence causes humans and monsters to each plot to kidnap the baby, a task that proves to be no easy feat.</subfield>
  </datafield>
  <datafield tag="538" ind1=" " ind2=" ">
    <subfield code="a">DVD , NTSC, Colour</subfield>
  </datafield>
  <datafield tag="546" ind1=" " ind2=" ">
    <subfield code="a">In Chinese . Malay, English and Chinese subtitled.</subfield>
  </datafield>
  <datafield tag="650" ind1="1" ind2="0">
    <subfield code="a">Monsters</subfield>
    <subfield code="v">Drama.</subfield>
  </datafield>
  <datafield tag="655" ind1=" " ind2="0">
    <subfield code="a">Feature films </subfield>
    <subfield code="z">China.</subfield>
  </datafield>
  <datafield tag="700" ind1="1" ind2=" ">
    <subfield code="a">Hui, Raman,</subfield>
    <subfield code="e">director.</subfield>
    <subfield code="i"> </subfield>
  </datafield>
  <datafield tag="700" ind1="1" ind2=" ">
    <subfield code="a">Kong, Bill,</subfield>
    <subfield code="e">producer.</subfield>
  </datafield>
  <datafield tag="700" ind1="1" ind2=" ">
    <subfield code="a">Man, Yee Chung,</subfield>
    <subfield code="e">producer.</subfield>
  </datafield>
  <datafield tag="700" ind1="1" ind2=" ">
    <subfield code="a">Tse, Doris,</subfield>
    <subfield code="e">producer. </subfield>
  </datafield>
  <datafield tag="700" ind1="1" ind2=" ">
    <subfield code="a">Yuan, Jinlin,</subfield>
    <subfield code="e">producer,</subfield>
    <subfield code="e">screenwriter. </subfield>
  </datafield>
  <datafield tag="700" ind1="1" ind2=" ">
    <subfield code="a">Bai, Baihe,</subfield>
    <subfield code="d">1984-</subfield>
    <subfield code="e">actor. </subfield>
  </datafield>
  <datafield tag="700" ind1="1" ind2=" ">
    <subfield code="a">Jing, Boran,</subfield>
    <subfield code="d">1989-</subfield>
    <subfield code="e">actor. </subfield>
  </datafield>
  <datafield tag="700" ind1="1" ind2=" ">
    <subfield code="a">Jiang, Wu,</subfield>
    <subfield code="d">1967-</subfield>
    <subfield code="e">actor. </subfield>
  </datafield>
  <datafield tag="700" ind1="1" ind2=" ">
    <subfield code="a">Jin, Yanling,</subfield>
    <subfield code="e">actor. </subfield>
  </datafield>
  <datafield tag="700" ind1="1" ind2=" ">
    <subfield code="a">Ko, Leon,</subfield>
    <subfield code="d">1973-</subfield>
    <subfield code="e">composer.</subfield>
  </datafield>
  <datafield tag="710" ind1="2" ind2=" ">
    <subfield code="a">Edko Films,</subfield>
    <subfield code="e">production company. </subfield>
  </datafield>
  <datafield tag="710" ind1="2" ind2=" ">
    <subfield code="a">Champion Star Pictures (Firm),</subfield>
    <subfield code="e">production company.</subfield>
  </datafield>
  <datafield tag="710" ind1="2" ind2=" ">
    <subfield code="a">FilmRise (Firm),</subfield>
    <subfield code="e">production company. </subfield>
  </datafield>
  <datafield tag="710" ind1="2" ind2=" ">
    <subfield code="a">Fisher Klingenstein Ventures,</subfield>
    <subfield code="e">publisher.</subfield>
  </datafield>
  <datafield tag="942" ind1=" " ind2=" ">
    <subfield code="2">ddc</subfield>
    <subfield code="c">DVD</subfield>
  </datafield>
  <datafield tag="952" ind1=" " ind2=" ">
    <subfield code="0">0</subfield>
    <subfield code="1">0</subfield>
    <subfield code="2">ddc</subfield>
    <subfield code="4">0</subfield>
    <subfield code="7">0</subfield>
    <subfield code="a">PPAK</subfield>
    <subfield code="b">PPAK</subfield>
    <subfield code="c">G</subfield>
    <subfield code="d">2019-02-27</subfield>
    <subfield code="e">PS</subfield>
    <subfield code="g">22.85</subfield>
    <subfield code="i">2018</subfield>
    <subfield code="l">3</subfield>
    <subfield code="o">791.4372 MON</subfield>
    <subfield code="p">A01593474</subfield>
    <subfield code="r">2020-11-22 00:00:00</subfield>
    <subfield code="s">2020-11-08</subfield>
    <subfield code="v">22.90</subfield>
    <subfield code="w">2019-02-27</subfield>
    <subfield code="y">DVD</subfield>
  </datafield>
  <datafield tag="952" ind1=" " ind2=" ">
    <subfield code="0">0</subfield>
    <subfield code="1">0</subfield>
    <subfield code="2">ddc</subfield>
    <subfield code="4">0</subfield>
    <subfield code="7">0</subfield>
    <subfield code="a">SP</subfield>
    <subfield code="b">SP</subfield>
    <subfield code="c">G</subfield>
    <subfield code="d">2019-02-27</subfield>
    <subfield code="e">PS</subfield>
    <subfield code="g">22.85</subfield>
    <subfield code="i">2018</subfield>
    <subfield code="o">791.4372 MON</subfield>
    <subfield code="p">A01593475</subfield>
    <subfield code="r">2019-02-27 00:00:00</subfield>
    <subfield code="v">22.90</subfield>
    <subfield code="w">2019-02-27</subfield>
    <subfield code="y">DVD</subfield>
  </datafield>
  <datafield tag="952" ind1=" " ind2=" ">
    <subfield code="0">0</subfield>
    <subfield code="1">0</subfield>
    <subfield code="2">ddc</subfield>
    <subfield code="4">0</subfield>
    <subfield code="7">0</subfield>
    <subfield code="a">PPAK</subfield>
    <subfield code="b">PPAK</subfield>
    <subfield code="c">G</subfield>
    <subfield code="d">2020-03-02</subfield>
    <subfield code="e">PS</subfield>
    <subfield code="g">25.81</subfield>
    <subfield code="i">2019</subfield>
    <subfield code="l">1</subfield>
    <subfield code="o">791.4372 MON</subfield>
    <subfield code="p">A01634167</subfield>
    <subfield code="r">2022-10-22 00:00:00</subfield>
    <subfield code="s">2022-09-26</subfield>
    <subfield code="v">25.80</subfield>
    <subfield code="w">2020-03-02</subfield>
    <subfield code="y">DVD</subfield>
  </datafield>
  <datafield tag="952" ind1=" " ind2=" ">
    <subfield code="0">0</subfield>
    <subfield code="1">0</subfield>
    <subfield code="2">ddc</subfield>
    <subfield code="4">0</subfield>
    <subfield code="7">0</subfield>
    <subfield code="a">SP</subfield>
    <subfield code="b">SP</subfield>
    <subfield code="c">G</subfield>
    <subfield code="d">2020-03-02</subfield>
    <subfield code="e">PS</subfield>
    <subfield code="g">25.81</subfield>
    <subfield code="i">2019</subfield>
    <subfield code="o">791.4372 MON</subfield>
    <subfield code="p">A01634168</subfield>
    <subfield code="r">2020-03-02 00:00:00</subfield>
    <subfield code="v">25.80</subfield>
    <subfield code="w">2020-03-02</subfield>
    <subfield code="y">DVD</subfield>
  </datafield>
  <datafield tag="952" ind1=" " ind2=" ">
    <subfield code="0">0</subfield>
    <subfield code="1">0</subfield>
    <subfield code="2">ddc</subfield>
    <subfield code="4">0</subfield>
    <subfield code="7">0</subfield>
    <subfield code="a">KM</subfield>
    <subfield code="b">KM</subfield>
    <subfield code="c">G</subfield>
    <subfield code="d">2020-03-02</subfield>
    <subfield code="e">PS</subfield>
    <subfield code="g">25.81</subfield>
    <subfield code="i">2019</subfield>
    <subfield code="o">791.4372 MON</subfield>
    <subfield code="p">A01634170</subfield>
    <subfield code="r">2020-03-02 00:00:00</subfield>
    <subfield code="v">25.80</subfield>
    <subfield code="w">2020-03-02</subfield>
    <subfield code="y">DVD</subfield>
  </datafield>
  <datafield tag="952" ind1=" " ind2=" ">
    <subfield code="0">0</subfield>
    <subfield code="1">0</subfield>
    <subfield code="2">ddc</subfield>
    <subfield code="4">0</subfield>
    <subfield code="7">0</subfield>
    <subfield code="a">BL</subfield>
    <subfield code="b">BL</subfield>
    <subfield code="c">G</subfield>
    <subfield code="d">2020-03-02</subfield>
    <subfield code="e">PS</subfield>
    <subfield code="g">25.81</subfield>
    <subfield code="i">2019</subfield>
    <subfield code="o">791.4372 MON</subfield>
    <subfield code="p">A01634171</subfield>
    <subfield code="r">2020-03-02 00:00:00</subfield>
    <subfield code="v">25.80</subfield>
    <subfield code="w">2020-03-02</subfield>
    <subfield code="y">DVD</subfield>
  </datafield>
</record>
